000 00737nam a2200289Ia 4500
005 20260324131347.0
008 008 260324s9999 xx 000 0 eng d
020 _a9781003447894
037 _aEBOOK
040 _aCRL
040 _beng
040 _cCRL
041 _2eng
041 _aeng
084 _qCRL
100 _aMark Kamimura; Melba Vasquez; Jeanett Castellanos; Alberta M. Gloria; Hector Garza
_91185227
245 4 _aThe Latina/o Pathway to the Ph.D.
245 0 _bAbriendo Caminos
260 _bTaylor and Francis
260 _c2006
365 _a
365 _b130
856 _uhttp://www.taylorfrancis.com/books/9781003447894
942 _cEBOOK
999 _c1782293
_d1782293